|
|
|
|
| LEADER |
00000cam a2200000 7i4500 |
| 001 |
0000031442 |
| 005 |
20110321093000.0 |
| 008 |
021119s1965 |
| 090 |
0 |
0 |
|a B741
|b .S54 1965
|
| 100 |
0 |
|
|a شمالي، عبده ,
|e author
|
| 241 |
0 |
0 |
|a Dirasat fi tarikh al-falsafah al-`Arabiyah al-Islamiyah wa-atharu rijaluha
|
| 245 |
0 |
0 |
|a دراسات في تاريخ الفلسفة العربية الاسلامية وآثار رجالها
|c عبده الشمالي
|
| 260 |
2 |
|
|a Bayrut :
|b Dar Sadir ,
|c 1965
|
| 300 |
|
|
|a 767 p. ;
|c 24 cm.
|
| 650 |
|
0 |
|a Islamic philosophy
|x History
|
| 650 |
|
0 |
|a Philosophy, Arab
|
| 999 |
|
|
|a 1000060324
|b Book
|c OPEN SHELF (30 DAYS)
|e Gong Badak Campus
|